Выставка к 900-летию со дня смерти Авиценны (Абу Али ал-Хусейн ибн Абдаллах ибн Сина). 1037-1937 (Запись № 6898205)

Подробности
000 -МАРКЕР
контрольное поле 01350nam0a2200277 4500
001 - ИДЕНТИФИКАТОР ЗАПИСИ
контрольное поле rc\2738888
005 - ИДЕНТИФИКАТОР ВЕРСИИ
контрольное поле 20260407074547.0
035 ## - ДРУГИЕ СИСТЕМНЫЕ НОМЕРА
Идентификатор записи (NLR Aleph) 006866092
100 ## - ДАННЫЕ ОБЩЕЙ ОБРАБОТКИ
Данные общей обработки 20110915d1937 |||y0rusy50 ca
101 0# - ЯЗЫК РЕСУРСА
Язык текста, звукозаписи и т.д. русский
102 ## - СТРАНА ПУБЛИКАЦИИ ИЛИ ПРОИЗВОДСТВА
Страна публикации Российская Федерация
105 ## - ПОЛЕ КОДИРОВАННЫХ ДАННЫХ: ТЕКСТОВЫЕ МАТЕРИАЛЫ, МОНОГРАФИЧЕСКИЕ
Кодированные данные о монографическом текстовом документе y z |||||
200 1# - ЗАГЛАВИЕ И СВЕДЕНИЯ ОБ ОТВЕТСТВЕННОСТИ
Основное заглавие Выставка к 900-летию со дня смерти Авиценны (Абу Али ал-Хусейн ибн Абдаллах ибн Сина). 1037-1937
Сведения, относящиеся к заглавию [Проспект]
Первые сведения об ответственности Ин-т востоковедения Акад. наук СССР. 2 сессия Асс-ции арабистов 19-23 окт. 1937 г.
210 ## - ПУБЛИКАЦИЯ, РАСПРОСТРАНЕНИЕ И ДР.
Место издания, распространения и т.д. Ленинград
Имя издателя, распространителя и т. д. Изд-во акад. наук СССР
Дата издания, распространения и т.д. [1937]
Имя изготовителя тип. Акад. наук СССР
215 ## - ФИЗИЧЕСКАЯ ХАРАКТЕРИСТИКА
Специфическое обозначение материала и объем 4 с.
Размеры 22х14
702 #0 - ИМЯ ЛИЦА - ВТОРИЧНАЯ ОТВЕТСТВЕННОСТЬ
Код отношения Объект посвящения
Графика поля Кириллица
Материалы, к которым относится поле rus
Начальный элемент ввода Ибн Сина
Даты 980-1037
Системный номер авторитетной/нормативной записи 118829
Идентификатор авторитетной/нормативной записи RU\NLR\AUTH\778950
710 12 - НАИМЕНОВАНИЕ ОРГАНИЗАЦИИ - ПЕРВИЧНАЯ ОТВЕТСТВЕННОСТЬ
Начальный элемент ввода Выставка к 900-летию со дня смерти Авиценны
Место проведения временной организации Ленинград
Дата проведения временной организации 1937
Системный номер авторитетной/нормативной записи 447827
Идентификатор авторитетной/нормативной записи RU\NLR\AUTH\889975457
712 02 - НАИМЕНОВАНИЕ ОРГАНИЗАЦИИ - ВТОРИЧНАЯ ОТВЕТСТВЕННОСТЬ
Начальный элемент ввода Ассоциация арабистов
Структурное подразделение Сессия
Порядковый номер временной организации и / или порядковый номер ее части 2
Место проведения временной организации Ленинград
Дата проведения временной организации 1937
Системный номер авторитетной/нормативной записи 576102
Идентификатор авторитетной/нормативной записи RU\NLR\AUTH\8810038613
801 #0 - ИСТОЧНИК ЗАПИСИ
Страна Российская Федерация
Организация NLR
Правила каталогизации psbo
801 #1 - ИСТОЧНИК ЗАПИСИ
Страна Российская Федерация
Организация ELAR
Источник данных rusmarc
852 ## - МЕСТОНАХОЖДЕНИЕ И ШИФР ХРАНЕНИЯ
Идентификатор организации NLR
Шифр хранения (Call Number) 37-10/4678
852 ## - МЕСТОНАХОЖДЕНИЕ И ШИФР ХРАНЕНИЯ
Идентификатор организации NLR
Шифр хранения (Call Number) КрI-3896-2
942 ## - ДОПОЛНИТЕЛЬНЫЕ ЭЛЕМЕНТЫ ЗАПИСИ (АБИС)
Тип экземпляра АБИС Книга
980 ## - КОЛЛЕКЦИЯ
Название коллекции Национальная библиография
Экземпляры
Тип экземпляра Дата поступления Библиотека постоянного хранения Библиотека текущего хранения Место хранения Шифр хранения Штрих-код Статус экземпляра
Книга 26.10.2013 РНБ (Московский) РНБ (Московский) Фонд литературы на языках стран Азии и Африки КрI-3896-2 6866092-30  
Книга 26.10.2013 РНБ (Садовая) РНБ (Садовая) Русский книжный фонд -Главное здание, Ленинский читальный зал 37-10/4678а 1-3938156  
Книга 26.10.2013 РНБ (Садовая) РНБ (Садовая) Русский книжный фонд -Главное здание, Ленинский читальный зал 37-10/4678 6866092-20